000 00844cab a2200265 4500
001 X95124
008 090401t1998 xxu||||| |||| 00| 0 eng d
035 _a(Sirsi) u89764
041 _aeng
245 _aJohnson v Gore-Wood & Co
260 _c1998
350 _a0
490 _aNew Property Cases
_v[1998] NPC 151
520 _aCA 12 November 1998. Abuse of Process of the Court. Striking out when the case is almost ready for trial. Duplication of proceedings. (HEADNOTE FROM JOURNAL - NO PHOTOCOPYING ALLOWED)
650 _aBARING V COOPERS AND LYBRAND
650 _aCOMPANY LOSSES
650 _aCONTRACTUAL DUTY
650 _aDAMAGES
650 _aDUTY IN TORT
650 _aNEGLIGENCE
650 _aPERSONAL LOSSES
690 _aMANAGEMENT-BUSINESS MANAGEMENT-PROFESSIONAL PRACTICE
942 _n0
948 _c18/11/1998
999 _c56817
_d56817